| 000 | 00689nam 22002173 4500 | ||
|---|---|---|---|
| 001 | 200996 | ||
| 010 | _a972-21-1073-X | ||
| 021 |
_aPT _b103 023/96 |
||
| 090 | _a200996 | ||
| 100 | _a20260305d u||y0pory50 ba | ||
| 200 |
_aAmoreira branca _fDomenico Corradini Broussard _gtradução José Colaço Barreiros |
||
| 210 |
_aLisboa _cCaminho _d1996 |
||
| 215 |
_a63 p. _cbrochado _d21 cm |
||
| 300 | _a. - Contém dedicatória do autor | ||
| 606 |
_915 _aLiteratura Italiana |
||
| 675 |
_vPT _zpor _a821.131.1-1 |
||
| 700 |
_916667 _aBroussard _bDomenico Corradini _f1942-2020 |
||
| 702 |
_94634 _aBarreiros _bJosé Colaço |
||
| 801 |
_aPT _bBMMN _gRPC |
||
| 830 |
_cAna Falardo _fAna Falardo |
||
| 990 | _cLIVROS | ||